Commemorative stamps : Flora and fauna of Malaysia
| Corporate Author: | |
|---|---|
| Format: | Book |
| Published: |
Kuala Lumpur :
The Malaysian Timber Industry Development Council ,
[n.d.]
|
| Subjects: |
MARC
| LEADER | 00000cam a2200000 7i4500 | ||
|---|---|---|---|
| 001 | 0000000781 | ||
| 005 | 20001003.0 | ||
| 090 | 0 | 0 | |a MR769.5643409595 |b MAL [n.d.] |
| 110 | 1 | 0 | |a The MALAYSIAN Timber Industry Development Council |
| 245 | 1 | 0 | |a Commemorative stamps : |b Flora and fauna of Malaysia |
| 260 | 0 | 0 | |a Kuala Lumpur : |b The Malaysian Timber Industry Development Council , |c [n.d.] |
| 300 | |a [23]p. : |b col. ill., maps ; |c 19x26 cm. | ||
| 650 | 0 | 0 | |a Commemorative postage stamps |z Malaysia |
| 999 | |a 0000000699 |b Monograph |c Reference |e Default branch | ||